书目信息 |
| 题名: |
逻辑哲学论
|
|
| 作者: | [奥]维特根斯坦 著 | |
| 分册: | ||
| 出版信息: | 北京 商务印书馆 1996.12 |
|
| 页数: | 134页 | |
| 开本: | 32开 | |
| 丛书名: | ||
| 单 册: | ||
| 中图分类: | B81-05 | |
| 科图分类: | ||
| 主题词: | DISPLAY逻辑 | |
| 电子资源: | ||
| ISBN: | 7-100-02982-1 | |
| 000 | 00576nam0 2200193 45 | |
| 001 | 0009221100 | |
| 005 | 20001001180428.6 | |
| 010 | @a7-100-02982-1@d7.50元 | |
| 100 | @a20000922d1996 km y0chiy0120 ea | |
| 101 | 0 | @achi |
| 105 | @a z 000yy | |
| 200 | 1 | @a逻辑哲学论@ALuo Ji Zhe Xue Lun@f[奥]维特根斯坦著;贺绍甲译@F[Ao]Wei Te Gen Si Tan Zhu;He Shao Jia Yi |
| 210 | @a北京@c商务印书馆@d1996.12 | |
| 215 | @a134页@d32开 | |
| 606 | 0 | @aDISPLAY逻辑 |
| 690 | @aB81-05@v3 | |
| 701 | 0 | @a[奥]维特根斯坦@4著 |
| 801 | @aCN@bPftUser@c20000922 | |
| 905 | @dB81-05@eW280@b166712-714@f3 | |
| 逻辑哲学论/[奥]维特根斯坦著;贺绍甲译.-北京:商务印书馆,1996.12 |
| 134页;32开 |
| ISBN 7-100-02982-1:7.50元 |
| ● |
| 相关链接 |
|
|
|
正题名:逻辑哲学论
索取号:B81-05/W280
 
预约/预借
| 序号 | 登录号 | 条形码 | 馆藏地/架位号 | 状态 | 备注 |
| 1 | 166712 | 201667124 | 社科库509/409社科库 10排1列4层/ [索取号:B81-05/W280] |
已借出,限还日期为2027.04.04 借出人:肖勃 |
|
| 2 | 166713 | 201667133 | 社科库509/409社科库 10排1列4层/ [索取号:B81-05/W280] | 在馆 | |
| 3 | 166714 | 201667142 | 社科库509/409社科库 10排1列4层/ [索取号:B81-05/W280] | 在馆 |